000 00727nam a22002177a 4500
003 PILC
005 20150601154047.0
008 150601b xxu||||| |||| 00| 0 eng d
020 _a9781285194905
020 _a9781285750606
050 _aLB 1632
_b.F671 2014
100 _aFolse, Keith S.
245 _aGreat writing 2 :
_bgreat paragraphs /
_cKeith S. Folse, April Muchmore-Vokoun, Elena Vestri Solomon.
250 _a4th ed.
260 _aBoston :
_bNational Geographic Learning,
_c2014.
300 _axvi, 302 pages :
_billustrations (chiefly color) ;
_c27 cm.
500 _aIncludes appendix and index.
650 _aWriting
_xStudy and teaching.
650 _a English language
_xWriting.
942 _2lcc
_cBK
_kFOR
999 _c284566
_d284566